Instrumentation manual (Petroleum processing and petro-chemical industries) (Record no. 34190)

MARC details
000 -LEADER
fixed length control field 00316nam a2200109Ia 4500
082 ## - DEWEY DECIMAL CLASSIFICATION NUMBER
Classification number 53.08:622.323
Item number WEI
100 ## - MAIN ENTRY--AUTHOR NAME
Personal name Weinberg, I
245 #0 - TITLE STATEMENT
Title Instrumentation manual (Petroleum processing and petro-chemical industries)
260 ## - PUBLICATION, DISTRIBUTION, ETC. (IMPRINT)
Place of publication Moscow
Name of publisher Mir
Year of publication 1978
942 ## - ADDED ENTRY ELEMENTS (KOHA)
Koha item type Books
Holdings
Withdrawn status Lost status Damaged status Not for loan Home library Current library Date acquired Cost, normal purchase price Full call number Accession Number Koha item type
        RRII Library RRII Library 16/12/2021 5.50 53.08:622.323 WEI 14630 Books